Statistics for Teams with the Most Super Bowl Wins

Click here to take the quiz!

General Stats

  • This quiz has been taken 19 times
  • The average score is 13 of 15

Answer Stats

HintAnswer% Correct
4Giants
100%
4Packers
100%
6Patriots
100%
2Buccaneers
94%
4Chiefs
94%
5Cowboys
94%
6Steelers
94%
549ers
88%
2Colts
88%
3Raiders
88%
2Rams
88%
3Broncos
82%
2Dolphins
82%
2Ravens
76%
3Commanders
65%

Score Distribution

Percentile by Number Answered

Percent of People with Each Score

Your Score History

You have not taken this quiz